Loading...
| History - American | 0 | 5 | 1 | 0 | 45 | 29 | 49.60 | 2 | 5 | 25.18 | 40.40 |
| Literature - American | 0 | 4 | 0 | 1 | 40 | 63 | 78.50 | 0 | 2 | 11.18 | 16.16 |
| Philosophy | 0 | 4 | 0 | 0 | 40 | 51 | 68.25 | 0 | 2 | 15.12 | 23.46 |
| Fine Arts - Other | 0 | 4 | 1 | 0 | 35 | 76 | 100.00 | 0 | 0 | 6.30 | 13.13 |
| Popular Culture | 0 | 3 | 1 | 0 | 25 | 18 | 59.67 | 0 | 2 | 23.44 | 35.19 |
| Literature - British | 0 | 2 | 0 | 1 | 20 | 38 | 74.50 | 0 | 1 | 7.14 | 8.08 |
| History - European | 0 | 2 | 1 | 0 | 15 | 23 | 42.00 | 1 | 1 | 10.77 | 13.13 |
| Current Events | 0 | 1 | 0 | 0 | 10 | 59 | 59.00 | 0 | 0 | 9.07 | 11.11 |
| Geography | 0 | 1 | 0 | 0 | 10 | 52 | 52.00 | 1 | 1 | 10.80 | 20.00 |
| History - World | 0 | 1 | 0 | 0 | 10 | 18 | 18.00 | 0 | 1 | 7.55 | 8.08 |
| Literature - European | 0 | 1 | 0 | 0 | 10 | 90 | 90.00 | 0 | 0 | 2.04 | 2.02 |
| Mythology | 0 | 1 | 0 | 1 | 10 | 118 | 118.00 | 0 | 0 | 0.00 | 1.01 |
| History - Other | 0 | 1 | 1 | 0 | 5 | 73 | 73.00 | 1 | 1 | 3.32 | 9.09 |
| Social Science | 0 | 0 | 1 | 0 | -5 | 0.00 | 0 | 0 | 0.00 | 0.00 |